000 00504nam a2200157 4500
001 114112
003 ES-MaACL
005 20230906190059.0
007 t|
008 061121s1947 sp r ||||1| spa d
100 1 _aPalá Mediano, Francisco.
_988359
245 1 0 _aSociedades unipersonales
_b: Conferencia , en el Colegio Notarial de Valencia /
_cFrancisco Palá Mediano.
260 _aValencia :
_b[s.n.,
_c1947 (
_fImp. Diana])
300 _a43 p. ;
_c25 cm.
852 _aES-MaACL
_j2068-F-30
_bR.70477
999 _c114112
_d114112